Statistics for Altered Flags

Click here to take the quiz!

General Stats

  • This quiz has been taken 627 times
  • The average score is 13 of 20

Answer Stats

QuestionAnswer% Correct
Unaltered
93%
Unaltered
90%
Altered
89%
Unaltered
84%
Unaltered
82%
Unaltered
81%
Unaltered
75%
Unaltered
75%
Unaltered
73%
Altered
67%
Altered
62%
Altered
62%
Unaltered
59%
Altered
58%
Altered
40%
Altered
37%
Altered
36%
Altered
32%
Altered
32%
Altered
31%

Score Distribution

Percentile by Number Answered

Percent of People with Each Score

Your Score History

You have not taken this quiz